Cien años de soledad / Gabriel García Márquez
Cien Años de Soledad, considerada una de las joyas de la literatura latinoamericana, relata la historia y la cotidianidad de la familia Buendía, fundadores de un pueblo ficticio bautizado como Macondo, ambientada en la Colombia de mediados del siglo XIX y el siglo XX. La novela gira en torno a las d...
Spremljeno u:
| Glavni autor: | |
|---|---|
| Format: | Knjiga |
| Jezik: | Undetermined |
| Izdano: |
Madrid, España
Ediciones Cátedra
1984
|
| Teme: | |
| Oznake: |
Dodaj oznaku
Bez oznaka, Budi prvi tko označuje ovaj zapis!
|
MARC
| LEADER | 00000nam a2200000Ia 4500 | ||
|---|---|---|---|
| 008 | 170316s9999 xx 000 0 und d | ||
| 040 | |a cru BVZT | ||
| 090 | |a 860 G-12c | ||
| 100 | |a García Márquez, Gabriel | ||
| 245 | |a Cien años de soledad / Gabriel García Márquez | ||
| 260 | |a Madrid, España | ||
| 260 | |b Ediciones Cátedra | ||
| 260 | |c 1984 | ||
| 300 | |a 493 páginas | ||
| 520 | |a Cien Años de Soledad, considerada una de las joyas de la literatura latinoamericana, relata la historia y la cotidianidad de la familia Buendía, fundadores de un pueblo ficticio bautizado como Macondo, ambientada en la Colombia de mediados del siglo XIX y el siglo XX. La novela gira en torno a las desavenidas que le suceden a siete generaciones de dicha familia, en donde particularmente predomina, la repetición de nombres de una generación a otra, el encanto por el misterio y el surrealismo de un sin fin de situaciones por las que pasan junto a los demás personajes de la obra. | ||
| 650 | |a LITERATURA LATINOAMERICANA |9 15 | ||
| 650 | |a NOVELA |9 13 | ||
| 650 | |a REALISMO MÁGICO | ||
| 999 | |c 8693 |d 8693 | ||
| 942 | |c 4 D |h 860 G-12c |2 z | ||
